00989nam a2200265 i 450000100060000000300090000600500170001500700030003200800410003502000180007608000460009408000390014010000310017924501300021025000120034026000350035230000300038749000270041760000480044465000590049265100840055170000390063583000270067485200220070167596ES-MaACL20250911222625.0t|040607s2003 sp a ||||0|dspa d a84-95845-20-2 a929 Comellas Llinares, Francisco (047.53) a343.819.5(436.2 Mauthausen)(093.3)1 aSerrano i Blanquer, David.10aEspañoles en los campos nazis b: hablan los supervivientes / cDavid Serrano Blanquer ; prólogo de Eduardo Haro Tecglen. a1ª ed. aBarcelona : bLittera, c2003. a191 p. : bil. ; c22 cm.1 aEnsayo (Littera) ; v914aComellas Llinares, Francisco-vEntrevistas.04aGuerra mundial, 1939-1945-xCampos de concentración. 4aMauthausen (Austria, Campo de concentración)-xHistoria-vRelatos personales.1 aHaro Tecglen, Eduardo, d1924-20050 aEnsayo (Littera) ; v9 aES-MaACLjL-27840